[Event "Guernsey Open 2011"]
[Site "Guernsey, Channel Islands"]
[Date "2011.10.17"]
[Round "2"]
[White "Brookes, Christopher"]
[Black "Sulskis, Sarunas"]
[Result "0-1"]
[WhiteElo "2122"]
[BlackElo "2577"]
[PlyCount "184"]
[EventDate "2011.10.16"]
[SourceDate "2011.11.07"]

1. e4 d6 2. d4 Nf6 3. Nc3 g6 4. Be3 c6 5. Qd2 b5 6. f3 Nbd7 7. d5 cxd5 8. Nxd5
Nxd5 9. Qxd5 Rb8 10. Qd4 e5 11. Qd2 Qc7 12. Ne2 b4 13. Ng3 h5 14. h4 a5 15. b3
d5 16. exd5 f5 17. d6 Qxd6 18. O-O-O Qxd2+ 19. Bxd2 Bc5 20. Bc4 Rh7 21. Bg5 Bb7
22. Bb5 Ba8 23. Ba4 Rb6 24. Rhe1 Bc6 25. Bxc6 Rxc6 26. Re2 Be7 27. Bxe7 Rxe7
28. Rd5 Nc5 29. Kb2 a4 30. Rdxe5 a3+ 31. Kb1 Ne6 32. Nf1 Kf7 33. g3 Rd7 34. Rd2
Rxd2 35. Nxd2 Rc3 36. Rd5 Re3 37. c4 bxc3 38. Nc4 Re2 39. Nxa3 f4 40. gxf4 Nxf4
41. Rc5 Rb2+ 42. Ka1 Rf2 43. Rxc3 g5 44. hxg5 h4 45. Nc4 Kg6 46. Ne5+ Kxg5 47.
Rc5 Ne6 48. Rd5 Rf1+ 49. Kb2 h3 50. Ng4+ Kf4 51. Rd6 Re1 52. Rd3 Ng5 53. Rd4+
Kg3 54. a4 Nxf3 55. Rb4 Re2+ 56. Kc3 Ne1 57. Rd4 Nf3 58. Rb4 Re6 59. a5 Rc6+
60. Kb2 Rg6 61. Ra4 Rxg4 62. Rxg4+ Kxg4 63. a6 h2 64. a7 h1=Q 65. a8=Q Qh2+ 66.
Ka3 Qd6+ 67. Ka4 Kf4 68. Qa5 Nd4 69. Qd2+ Ke4 70. Qg2+ Kd3 71. Qf1+ Kd2 72.
Qg2+ Kc3 73. Qh3+ Kb2 74. Qg2+ Nc2 75. Qg7+ Ka2 76. Qc3 Na3 77. Ka5 Qd8+ 78.
Ka6 Qa8+ 79. Kb6 Qb8+ 80. Ka6 Qb5+ 81. Ka7 Qd5 82. Kb6 Qd8+ 83. Ka6 Kb1 84. b4
Qg8 85. Kb7 Ka2 86. Ka6 Qe6+ 87. Kb7 Nc4 88. Kc7 Qd6+ 89. Kb7 Qd7+ 90. Kb8 Qd8+
91. Ka7 Qc7+ 92. Ka8 Nb6# 0-1

[Event "Guernsey Open 2011"]
[Site "Guernsey, Channel Islands"]
[Date "2011.10.17"]
[Round "2"]
[White "Minnican, Alan William"]
[Black "Hillarp Persson, Tiger"]
[Result "0-1"]
[WhiteElo "2106"]
[BlackElo "2535"]
[PlyCount "72"]
[EventDate "2011.10.16"]
[SourceDate "2011.11.07"]

1. Nf3 g6 2. g3 Bg7 3. d4 d6 4. Bg2 Nd7 5. c4 e5 6. Nc3 Ngf6 7. O-O O-O 8. e4
a6 9. h3 b5 10. cxb5 axb5 11. dxe5 dxe5 12. Re1 b4 13. Nd5 Nxd5 14. Qxd5 Nb6
15. Qb5 Qd6 16. Be3 Ba6 17. Qc5 Na4 18. Qc1 c5 19. Rd1 Qe6 20. Qc2 Bb7 21. Nd2
Rfc8 22. Nc4 Nc3 23. bxc3 Qxc4 24. Rdc1 Bf8 25. cxb4 Qxc2 26. Rxc2 cxb4 27.
Rac1 Rxc2 28. Rxc2 Bc8 29. Bf1 Be6 30. Bc4 Rc8 31. Bxe6 Rxc2 32. Bb3 Rc8 33.
Kf1 Kg7 34. Ke2 f5 35. f3 fxe4 36. fxe4 Rc3 0-1

[Event "Guernsey Open 2011"]
[Site "Guernsey, Channel Islands"]
[Date "2011.10.17"]
[Round "2"]
[White "Hebden, Mark"]
[Black "Collier, David"]
[Result "1-0"]
[WhiteElo "2506"]
[BlackElo "2100"]
[PlyCount "31"]
[EventDate "2011.10.16"]
[SourceDate "2011.11.07"]

1. d4 Nf6 2. Nf3 d6 3. Nc3 g6 4. e4 Bg7 5. Be3 O-O 6. Qd2 a6 7. Bh6 b5 8. Bd3
Nc6 9. Bxg7 Kxg7 10. a4 Bg4 11. e5 Ng8 12. Be4 Qd7 13. Qf4 Nh6 14. O-O b4 15.
Nd5 Rab8 16. Nf6 1-0

[Event "Guernsey Open 2011"]
[Site "Guernsey, Channel Islands"]
[Date "2011.10.17"]
[Round "2"]
[White "Hamperl, Fred A"]
[Black "Mack, Wolfgang"]
[Result "0-1"]
[WhiteElo "2098"]
[BlackElo "2279"]
[PlyCount "126"]
[EventDate "2011.10.16"]
[SourceDate "2011.11.07"]

1. e4 g6 2. d4 Bg7 3. Nc3 d6 4. f4 a6 5. Nf3 b5 6. Bd3 Nd7 7. e5 c5 8. Be4 Rb8
9. O-O cxd4 10. Nxd4 dxe5 11. Nc6 Qb6+ 12. Kh1 Ngf6 13. Nxb8 Qxb8 14. Bc6 O-O
15. Nd5 Nxd5 16. Qxd5 Qc7 17. Be3 exf4 18. Bxf4 Ne5 19. Rad1 Be6 20. Bxe5 Bxe5
21. Qf3 Bxb2 22. Bd5 Bxd5 23. Qxd5 Be5 24. h3 Bd6 25. Rd2 Kg7 26. h4 Qc3 27.
Qd4+ Qxd4 28. Rxd4 Rc8 29. Rc1 Ba3 30. Rcd1 Rxc2 31. R1d2 Rc6 32. g4 Bd6 33.
Kg2 f5 34. h5 Kf6 35. hxg6 hxg6 36. gxf5 gxf5 37. Rh4 a5 38. Rd5 Rc2+ 39. Kf3
Rxa2 40. Rxb5 Ra3+ 41. Ke2 a4 42. Rh5 f4 43. Ra5 Re3+ 44. Kf2 a3 45. Rhf5+ Ke6
46. Rh5 Rc3 47. Rh6+ Kd7 48. Rhh5 Kc6 49. Rhf5 Bc5+ 50. Ke2 Re3+ 51. Kf1 e5 52.
Rf6+ Kd5 53. Rb6 f3 54. Rbb5 Rc3 55. Rxc5+ Rxc5 56. Rxa3 e4 57. Kf2 Rc2+ 58.
Kf1 Kd4 59. Ra4+ Kd3 60. Ra3+ Rc3 61. Ra1 e3 62. Rd1+ Ke4 63. Ra1 Rc2 0-1

[Event "Guernsey Open 2011"]
[Site "Guernsey, Channel Islands"]
[Date "2011.10.17"]
[Round "2"]
[White "Cornelisse, Johnny JA"]
[Black "Maruejols, Claude"]
[Result "1-0"]
[WhiteElo "2217"]
[BlackElo "2034"]
[PlyCount "127"]
[EventDate "2011.10.16"]
[SourceDate "2011.11.07"]

1. c4 e5 2. Nc3 Nc6 3. g3 g6 4. Nf3 Bg7 5. h4 f5 6. h5 g5 7. d3 h6 8. Bg2 d6 9.
Nd5 Nce7 10. e4 c6 11. Nc3 Nf6 12. Qb3 Qc7 13. Bd2 Be6 14. Rc1 Bf7 15. exf5
Nxf5 16. Ne4 Nxe4 17. dxe4 Nd4 18. Qd3 Qe7 19. Be3 c5 20. Ng1 Qf6 21. Ne2 Nxe2
22. Kxe2 O-O 23. Kd2 b5 24. cxb5 Rfb8 25. b3 a6 26. bxa6 Rb6 27. Bh3 Rbxa6 28.
a4 Rb6 29. Rc3 Rab8 30. Rb1 Rb4 31. Bf5 c4 32. Qc2 Qd8 33. Kc1 cxb3 34. Qd3 b2+
35. Kd2 Rxa4 36. Kc2 Ra2 37. Ra3 Qc7+ 38. Kd2 Qb7 39. Ke2 Bf8 40. Bg6 Be6 41.
Bf5 Qf7 42. Bg6 Qd7 43. Kd2 Rxa3 44. Qxa3 Qb5 45. Qa7 Rb7 46. Qa8 Qb4+ 47. Ke2
Bc4+ 48. Kf3 Qb3 49. Qc8 Rb8 50. Qg4 Rb7 51. Qc8 Be6 52. Qa8 Rb8 53. Qa7 Qb7
54. Qa5 Be7 55. Kg2 Bd8 56. Qa3 Be7 57. Qa5 Kg7 58. f4 d5 59. fxg5 hxg5 60. Kh2
d4 61. Qxe5+ Bf6 62. Qxe6 dxe3 63. e5 Bd8 64. Rf1 1-0

[Event "Guernsey Open 2011"]
[Site "Guernsey, Channel Islands"]
[Date "2011.10.17"]
[Round "2"]
[White "Purdon, Colin"]
[Black "Williams, Peter A"]
[Result "0-1"]
[WhiteElo "2075"]
[BlackElo "2196"]
[PlyCount "50"]
[EventDate "2011.10.16"]
[SourceDate "2011.11.07"]

1. d4 d5 2. c4 c6 3. Nf3 Nf6 4. Nc3 dxc4 5. a4 Bf5 6. Nh4 Bg4 7. h3 Bh5 8. g4
Bg6 9. Nxg6 hxg6 10. e3 e6 11. Bxc4 Bb4 12. Qf3 Qa5 13. Bd2 Nbd7 14. O-O O-O-O
15. Rfc1 Nh7 16. Bf1 Ng5 17. Qg3 Ne5 18. Bg2 Nef3+ 19. Bxf3 Rxh3 20. Qxh3 Nxh3+
21. Kg2 Ng5 22. Be2 Rh8 23. e4 Nxe4 24. Nxe4 Bxd2 25. Rc5 Qc7 0-1

[Event "Guernsey Open 2011"]
[Site "Guernsey, Channel Islands"]
[Date "2011.10.17"]
[Round "2"]
[White "Reijneveld, Ad"]
[Black "Thurlow, Kevin J"]
[Result "1/2-1/2"]
[WhiteElo "2172"]
[BlackElo "2033"]
[PlyCount "29"]
[EventDate "2011.10.16"]
[SourceDate "2011.11.07"]

1. e4 c5 2. Nf3 e6 3. d4 cxd4 4. Nxd4 Nc6 5. Nc3 a6 6. g3 Qc7 7. Bg2 Nf6 8. O-O
Be7 9. Re1 O-O 10. Nxc6 dxc6 11. e5 Nd5 12. Bd2 b5 13. a4 Bb7 14. Qg4 Rfe8 15.
Nxd5 1/2-1/2

[Event "Guernsey Open 2011"]
[Site "Guernsey, Channel Islands"]
[Date "2011.10.17"]
[Round "2"]
[White "Havenaar, Jan"]
[Black "Morcom, Hugh"]
[Result "1-0"]
[WhiteElo "2156"]
[BlackElo "1955"]
[PlyCount "65"]
[EventDate "2011.10.16"]
[SourceDate "2011.11.07"]

1. Nc3 c6 2. f4 d5 3. e4 g6 4. Nf3 Bg7 5. d4 h5 6. Be3 Nh6 7. Qd2 Bg4 8. Ne5
dxe4 9. Nxe4 Bf5 10. Ng3 Nd7 11. O-O-O h4 12. Nxf5 Nxf5 13. Bf2 Nxe5 14. dxe5
Qxd2+ 15. Kxd2 Bh6 16. Be3 Nxe3 17. Kxe3 g5 18. f5 Bg7 19. Ke4 Rd8 20. Bc4 O-O
21. g4 e6 22. f6 Bh6 23. Rd6 Rxd6 24. exd6 Rd8 25. Ke5 Kf8 26. Rd1 Ke8 27. Be2
Kd7 28. Bf3 Bf8 29. c4 b6 30. b4 Rb8 31. b5 c5 32. Bc6+ Kd8 33. a4 1-0

[Event "Guernsey Open 2011"]
[Site "Guernsey, Channel Islands"]
[Date "2011.10.17"]
[Round "2"]
[White "Taylor, Mark V"]
[Black "Kirk, Matthew"]
[Result "1/2-1/2"]
[WhiteElo "2131"]
[BlackElo "1727"]
[PlyCount "34"]
[EventDate "2011.10.16"]
[SourceDate "2011.11.07"]

1. d4 d5 2. c4 c6 3. Nc3 Nf6 4. Nf3 e6 5. e3 Nbd7 6. Qc2 Be7 7. g4 dxc4 8. Bxc4
b5 9. Bd3 Bb7 10. g5 Nh5 11. Rg1 g6 12. e4 b4 13. Na4 c5 14. Nxc5 Nxc5 15. dxc5
O-O 16. Be3 Rc8 17. Rc1 Qa5 1/2-1/2

[Event "Guernsey Open 2011"]
[Site "Guernsey, Channel Islands"]
[Date "2011.10.17"]
[Round "2"]
[White "Bakkes, Frits"]
[Black "Norman, Kenneth I"]
[Result "0-1"]
[WhiteElo "1605"]
[BlackElo "2160"]
[PlyCount "60"]
[EventDate "2011.10.16"]
[SourceDate "2011.11.07"]

1. d4 Nf6 2. Nc3 d5 3. e4 dxe4 4. f3 exf3 5. Nxf3 e6 6. Ne5 Be7 7. g4 Nd5 8.
Ne4 Bh4+ 9. Ng3 O-O 10. Bd3 c5 11. c4 Nb4 12. Be4 Qxd4 13. Qxd4 cxd4 14. Nf3
Be7 15. Nxd4 N4c6 16. Nb5 Na6 17. a3 Nc5 18. Bc2 Ne5 19. O-O Nxc4 20. b3 Ne5
21. Rd1 Bd7 22. a4 a6 23. Nd6 Bc6 24. Ba3 Ncd7 25. Nge4 Nf6 26. Bb2 Nexg4 27.
Re1 Nxe4 28. Nxe4 f5 29. h3 fxe4 30. hxg4 Bc5+ 0-1

[Event "Guernsey Open 2011"]
[Site "Guernsey, Channel Islands"]
[Date "2011.10.17"]
[Round "2"]
[White "Fassaert, Desire"]
[Black "Heppell, Ian"]
[Result "1/2-1/2"]
[WhiteElo "1930"]
[BlackElo "2132"]
[PlyCount "31"]
[EventDate "2011.10.16"]
[SourceDate "2011.11.07"]

1. c4 e5 2. g3 Nc6 3. Bg2 f5 4. d3 Nf6 5. Nc3 Bb4 6. Bd2 O-O 7. a3 Bxc3 8. Bxc3
d6 9. Nf3 Qe8 10. O-O Qh5 11. Qd2 f4 12. gxf4 Bh3 13. fxe5 Bxg2 14. Kxg2 dxe5
15. Qg5 Rae8 16. Qxh5 1/2-1/2

[Event "Guernsey Open 2011"]
[Site "Guernsey, Channel Islands"]
[Date "2011.10.17"]
[Round "2"]
[White "Dennis, Nigel"]
[Black "Casiot, David J"]
[Result "1/2-1/2"]
[WhiteElo "1932"]
[BlackElo "2125"]
[PlyCount "57"]
[EventDate "2011.10.16"]
[SourceDate "2011.11.07"]

1. e4 e5 2. Nf3 Nc6 3. Bb5 a6 4. Ba4 d6 5. c3 Nf6 6. O-O b5 7. Bc2 Bg4 8. h3
Bh5 9. d3 Be7 10. Bg5 O-O 11. Nbd2 h6 12. Bxf6 Bxf6 13. Re1 Qe7 14. Nf1 Na5 15.
Ng3 Bg6 16. b4 Nb7 17. a4 c5 18. bxc5 dxc5 19. axb5 axb5 20. Qb1 Nd6 21. Rxa8
Rxa8 22. d4 c4 23. Nf5 Bxf5 24. exf5 e4 25. Bxe4 Nxe4 26. Rxe4 Qa3 27. Re3 Qa4
28. Re2 Qa5 29. Qb2 1/2-1/2

[Event "Guernsey Open 2011"]
[Site "Guernsey, Channel Islands"]
[Date "2011.10.17"]
[Round "2"]
[White "De Graaf, Arnoud"]
[Black "Pleasants, Allan J"]
[Result "0-1"]
[WhiteElo "1860"]
[BlackElo "2079"]
[PlyCount "110"]
[EventDate "2011.10.16"]
[SourceDate "2011.11.07"]

1. Nf3 c5 2. c4 g6 3. d4 Bg7 4. Nc3 cxd4 5. Nxd4 Nc6 6. Nc2 d6 7. e4 Nf6 8. Be2
Bd7 9. O-O a6 10. Be3 Rb8 11. Qd2 O-O 12. Rfd1 Be6 13. f3 Nd7 14. Nd4 Nxd4 15.
Bxd4 Bxd4+ 16. Qxd4 Qa5 17. Nd5 Bxd5 18. cxd5 Rbc8 19. f4 Qc5 20. Bg4 f5 21.
exf5 gxf5 22. Bh3 Nb6 23. Rd3 Qxd4+ 24. Rxd4 Rc2 25. b4 Kg7 26. a4 Nc4 27. Re1
Rf7 28. g3 b5 29. axb5 axb5 30. Bf1 Rb2 31. Bxc4 Rxb4 32. Red1 bxc4 33. Rc1 {
(=)} Rf8 34. Rdxc4 Rxc4 35. Rxc4 Rb8 36. Rc2 Rb1+ 37. Kf2 Rd1 38. Re2 Kf7 39.
h3 Rxd5 40. g4 Rd3 41. Kg2 fxg4 42. hxg4 h6 43. Kf2 e6 44. Ra2 Kf6 45. Ra8 e5
46. f5 e4 47. Re8 d5 48. Re6+ Kg5 49. Rg6+ Kf4 50. f6 Rf3+ 51. Ke2 Ke5 52. Rxh6
Rxf6 53. Rh5+ Kd4 54. g5 Rf5 55. Ke1 Ke5 0-1

[Event "Guernsey Open 2011"]
[Site "Guernsey, Channel Islands"]
[Date "2011.10.17"]
[Round "2"]
[White "Goris Schouwstra, Adri"]
[Black "Westerkamp, Bert"]
[Result "0-1"]
[WhiteElo "1862"]
[BlackElo "2063"]
[PlyCount "152"]
[EventDate "2011.10.16"]
[SourceDate "2011.11.07"]

1. d4 Nf6 2. c4 e5 3. d5 Bc5 4. e3 O-O 5. Nc3 d6 6. Nf3 Bg4 7. Be2 Nbd7 8. O-O
e4 9. Nd4 Bxe2 10. Qxe2 Re8 11. Nb3 Bb6 12. Na4 Ne5 13. Nxb6 axb6 14. h3 Nfd7
15. Nd4 Nc5 16. Bd2 Ncd3 17. b3 Qh4 18. f4 exf3 19. Nxf3 Nxf3+ 20. Qxf3 Ne5 21.
Qf4 Qe7 22. Qd4 Ng6 23. a4 Qe4 24. Qxe4 Rxe4 25. Rf3 f6 26. Bc3 Nh4 27. Rg3 Nf5
28. Rf3 Nxe3 29. Re1 Rae8 30. Re2 R4e7 31. Rd2 f5 32. a5 bxa5 33. Bxa5 g5 34.
Bc3 g4 35. hxg4 fxg4 36. Rf4 Re4 37. Rd4 Rxd4 38. Bxd4 h5 39. g3 Nc2 40. Bf2
Ne1 41. Rf5 Nf3+ 42. Kf1 Re5 43. Rxe5 Nxe5 44. Ke2 Kf7 45. Ke3 Kf6 46. Ke4 Nf3
47. Be3 Ng5+ 48. Kf4 Nf3 49. Ke4 h4 50. gxh4 Nxh4 51. b4 Nf5 52. Bd2 g3 53. Kf3
g2 54. Bc3+ Kg6 55. Kxg2 Ne3+ 56. Kf3 Nxc4 57. Ke4 b5 58. Kf4 Nb6 59. Ke4 Nd7
60. Bd4 Nf6+ 61. Bxf6 Kxf6 62. Kf4 Ke7 63. Ke4 Kd7 64. Kd4 c6 65. dxc6+ Kxc6
66. Ke4 d5+ 67. Kd3 Kd7 68. Ke3 Ke6 69. Kf4 Kf6 70. Kf3 Ke5 71. Ke3 d4+ 72. Kd2
Ke4 73. Ke2 d3+ 74. Kd1 Kd4 75. Kd2 Kc4 76. Kd1 Kxb4 0-1

[Event "Guernsey Open 2011"]
[Site "Guernsey, Channel Islands"]
[Date "2011.10.17"]
[Round "2"]
[White "Prins, Jan"]
[Black "Van der Sanden, Martien"]
[Result "1-0"]
[WhiteElo "2051"]
[BlackElo "1853"]
[PlyCount "44"]
[EventDate "2011.10.16"]
[SourceDate "2011.11.07"]

1. d4 Nf6 2. Nf3 g6 3. c4 Bg7 4. Nc3 d6 5. g3 O-O 6. Bg2 Nc6 7. O-O a6 8. a4 e5
9. dxe5 dxe5 10. Bg5 Qxd1 11. Rfxd1 Bg4 12. h3 Bxf3 13. Bxf3 Nd8 14. Bxf6 Bxf6
15. Nd5 Bg7 16. Nxc7 Rc8 17. Rd7 Ne6 18. Nxe6 fxe6 19. Bxb7 Rxc4 20. Bxa6 Rb4
21. a5 Rxb2 22. Bc4 Bh8 1-0

[Event "Guernsey Open 2011"]
[Site "Guernsey, Channel Islands"]
[Date "2011.10.17"]
[Round "2"]
[White "Glover, John"]
[Black "Burton, Ronnie"]
[Result "0-1"]
[WhiteElo "1857"]
[BlackElo "2024"]
[PlyCount "58"]
[EventDate "2011.10.16"]
[SourceDate "2011.11.07"]

1. Nf3 g6 2. c4 Bg7 3. d4 Nf6 4. g3 O-O 5. Bg2 d6 6. O-O Nc6 7. Nc3 e5 8. d5
Ne7 9. e4 c5 10. Ne1 a6 11. a4 b6 12. Nd3 Nd7 13. Be3 f5 14. f4 Rb8 15. Qd2
fxe4 16. Bxe4 Nf5 17. fxe5 Nxe5 18. Nxe5 Bxe5 19. Bxf5 Bxf5 20. Rf2 Qd7 21. b3
Bh3 22. Re1 Rxf2 23. Bxf2 Qf5 24. Nd1 Rf8 25. Ne3 Qf6 26. Qe2 Bd4 27. Nd1 h5
28. Bxd4 Qxd4+ 29. Qe3 Re8 0-1

[Event "Guernsey Open 2011"]
[Site "Guernsey, Channel Islands"]
[Date "2011.10.17"]
[Round "2"]
[White "Hauptmann, Thomas"]
[Black "Brookfield, Toby"]
[Result "1/2-1/2"]
[WhiteElo "2018"]
[BlackElo "1802"]
[PlyCount "52"]
[EventDate "2011.10.16"]
[SourceDate "2011.11.07"]

1. e4 c5 2. Nf3 d6 3. d4 cxd4 4. Qxd4 a6 5. c4 Nc6 6. Qd2 Nf6 7. Nc3 g6 8. Be2
Bg7 9. O-O O-O 10. Rb1 Bg4 11. b3 Rc8 12. Bb2 Qa5 13. Rfd1 Rfe8 14. h3 Bxf3 15.
Bxf3 b5 16. cxb5 axb5 17. Qe3 Ne5 18. Be2 b4 19. Na4 Ned7 20. Bxf6 Bxf6 21.
Rbc1 Nc5 22. Nxc5 Rxc5 23. Rxc5 Qxc5 24. Qxc5 dxc5 25. Bb5 Ra8 26. Ba4 Bd4
1/2-1/2

[Event "Guernsey Open 2011"]
[Site "Guernsey, Channel Islands"]
[Date "2011.10.17"]
[Round "2"]
[White "Ippel, Cornelius J"]
[Black "Knight, Tim R"]
[Result "1-0"]
[WhiteElo "1969"]
[BlackElo "1744"]
[PlyCount "79"]
[EventDate "2011.10.16"]
[SourceDate "2011.11.07"]

1. Nc3 c5 2. Nf3 Nc6 3. d4 cxd4 4. Nxd4 Nf6 5. e4 d6 6. Bc4 e6 7. a3 Be7 8. O-O
O-O 9. Kh1 Qc7 10. Bd2 a6 11. f4 Bd7 12. f5 e5 13. Nf3 Qb8 14. Be3 b5 15. Bd5
Bd8 16. Bg5 Nxd5 17. Nxd5 f6 18. Be3 Ne7 19. Nh4 Nxd5 20. Qxd5+ Kh8 21. Rf3 (
21. Ng6+ {+-  (AFB)}) 21... Be8 22. Rh3 Bf7 23. Qd1 Bb6 24. Bxb6 Qxb6 25. Ng6+
Bxg6 26. fxg6 h6 27. Qg4 Qc7 28. Rc3 Qe7 29. Qf5 Rfd8 30. Rd1 Rab8 31. Rcd3 Rb6
32. Rc3 Rbb8 33. b4 Qd7 34. Qxd7 Rxd7 35. Rc6 Rbd8 36. Rxa6 f5 37. exf5 d5 38.
Re6 e4 39. Re5 Kg8 40. g4 1-0

[Event "Guernsey Open 2011"]
[Site "Guernsey, Channel Islands"]
[Date "2011.10.17"]
[Round "2"]
[White "Vonhoff, Nils"]
[Black "De Kruif, Kees"]
[Result "1/2-1/2"]
[WhiteElo "1751"]
[BlackElo "1953"]
[PlyCount "203"]
[EventDate "2011.10.16"]
[SourceDate "2011.11.07"]

1. e4 c5 2. Nf3 d6 3. d4 cxd4 4. Nxd4 Nf6 5. Nc3 a6 6. Bc4 e6 7. Be3 Be7 8. f3
O-O 9. Qd2 Nc6 10. O-O-O Qc7 11. Bb3 Na5 12. g4 b5 13. h4 Bd7 14. Kb1 Nxb3 15.
cxb3 b4 16. Nce2 Rfb8 17. Rc1 Qb7 18. Ng3 a5 19. g5 Ne8 20. Rcd1 a4 21. bxa4
Rxa4 22. b3 Ra5 23. Rc1 d5 24. e5 Rba8 25. Rc2 Nc7 26. Nge2 Bb5 27. Rhc1 Bd8
28. f4 Qa6 29. Nxb5 Nxb5 30. Ka1 g6 31. Bc5 Nc3 32. Nxc3 bxc3 33. Qf2 Rb5 34.
Rxc3 Ba5 35. Rf3 Rc8 36. Ba3 Rxc1+ 37. Bxc1 Bb6 38. Qd2 d4 39. Bb2 Rd5 40. Rd3
Ba5 41. Qd1 Bc3 42. Kb1 Ra5 43. Bxc3 dxc3 44. a4 Qc6 45. Kc2 Rc5 46. Qf3 Qb6
47. Rxc3 Rd5 48. Qe3 Qa6 49. Rc4 Kg7 50. h5 gxh5 51. Qf3 Qa5 52. Rc3 Qb4 53.
Qxh5 Qe4+ 54. Kb2 Qd4 55. f5 exf5 56. e6 fxe6 57. Qh6+ Kg8 58. Qxe6+ Kg7 59.
Qh6+ Kg8 60. g6 hxg6 61. Qxg6+ Kf8 62. Qh6+ Kf7 63. Qh3 Rc5 64. Qh7+ Kf8 65.
Qh6+ Kf7 66. Qh5+ Ke6 67. Qg6+ Ke7 68. Qg5+ Ke6 69. Qg8+ Ke7 70. Qh7+ Ke6 71.
Qh6+ Kd5 72. Qh1+ Ke6 73. Qe1+ Kd5 74. Kc2 Rxc3+ 75. Qxc3 Qg1 76. Qc4+ Ke5 77.
Kd2 f4 78. Qc3+ Kf5 79. Qf3 Qb6 80. Ke2 Qb4 81. Qd5+ Kg4 82. Qd7+ Kg5 83. Qd5+
Kg4 84. Qd7+ Kg3 85. Qg7+ Kh3 86. Qh8+ Kg3 87. Qg8+ Kh3 88. Kf3 Qc3+ 89. Kxf4
Qd4+ 90. Kf5 Qf2+ 91. Ke5 Qe3+ 92. Kf6 Qf4+ 93. Ke7 Qc7+ 94. Kf6 Qc3+ 95. Kg6
Qg3+ 96. Kh7 Qh4+ 97. Kg7 Qg5+ 98. Kh8 Qf6+ 99. Kh7 Qh4+ 100. Kg7 Qg5+ 101. Kf8
Qd8+ 102. Kg7 1/2-1/2

[Event "Guernsey Open 2011"]
[Site "Guernsey, Channel Islands"]
[Date "2011.10.17"]
[Round "2"]
[White "Hickman, John"]
[Black "Chernoff, John"]
[Result "0-1"]
[WhiteElo "1975"]
[BlackElo "2140"]
[PlyCount "62"]
[EventDate "2011.10.16"]
[SourceDate "2011.11.07"]

1. e4 e5 2. Nf3 Nc6 3. Bb5 f5 4. d3 fxe4 5. dxe4 d6 6. Nc3 Nf6 7. Qd3 Be7 8.
Qc4 Qd7 9. Bg5 a6 10. Ba4 Rb8 11. Bb3 Bd8 12. Rd1 b5 13. Qe2 Qg4 14. a4 Na5 15.
Ba2 bxa4 16. Qd2 Qxg2 17. Nxe5 Qxh1+ 18. Ke2 Qxh2 19. Bf7+ Kf8 20. Nf3 Bg4 21.
Be6 Qg2 22. Bxg4 Qxg4 23. Rg1 Qe6 24. Nd4 Qc4+ 25. Ke1 Rxb2 26. Nd1 Rb1 27. f3
Nc6 28. Nxc6 Qxc6 29. e5 Qd5 30. exf6 Qxd2+ 31. Kxd2 Bxf6 0-1

[Event "Guernsey Open 2011"]
[Site "Guernsey, Channel Islands"]
[Date "2011.10.17"]
[Round "2"]
[White "Van Hoek, Wim"]
[Black "Von Saldern, Rudiger"]
[Result "0-1"]
[WhiteElo "1936"]
[BlackElo "2010"]
[PlyCount "70"]
[EventDate "2011.10.16"]
[SourceDate "2011.11.07"]

1. e4 e5 2. Nf3 Nc6 3. Bc4 Bc5 4. c3 Qe7 5. d3 d6 6. b4 Bb6 7. a4 a5 8. b5 Nd8
9. O-O Nf6 10. Re1 O-O 11. Nbd2 g5 12. Nxg5 Ng4 13. Nh3 Qh4 14. Rf1 Kh8 15. Nf3
Qh5 16. d4 f6 17. Qb3 Bd7 18. Ra2 Nf7 19. Be6 Bxe6 20. Qxe6 Rae8 21. Qf5 Qxf5
22. exf5 Ngh6 23. dxe5 fxe5 24. f6 Ng4 25. Nhg5 Nxf6 26. Re2 Nd5 27. Ne4 Nd8
28. c4 Nf4 29. Bxf4 Rxf4 30. Ned2 Ne6 31. g3 Rf7 32. Kg2 Rg8 33. Kh1 Nc5 34.
Ra1 Nd3 35. Rf1 e4 0-1

[Event "Guernsey Open 2011"]
[Site "Guernsey, Channel Islands"]
[Date "2011.10.17"]
[Round "2"]
[White "Canonne, Antoine"]
[Black "Gravett, Alan D"]
[Result "1-0"]
[WhiteElo "2007"]
[BlackElo "1925"]
[PlyCount "57"]
[EventDate "2011.10.16"]
[SourceDate "2011.11.07"]

1. e4 c5 2. Nc3 d6 3. f4 g6 4. Bb5+ Nc6 5. Nf3 Bg7 6. O-O e6 7. Bxc6+ bxc6 8.
Qe1 Ne7 9. d3 O-O 10. Rb1 f5 11. e5 Nd5 12. Nxd5 exd5 13. Rf2 Be6 14. Re2 Re8
15. Bd2 Qd7 16. Qh4 h6 17. Rbe1 Rab8 18. b3 dxe5 19. Nxe5 Bxe5 20. fxe5 h5 21.
Bg5 Rb4 22. Qf2 d4 23. Qh4 Rbb8 24. Bf6 a5 25. Rf1 a4 26. Rf3 axb3 27. axb3 Ra8
28. Rg3 Kh7 29. Rxg6 1-0

[Event "Guernsey Open 2011"]
[Site "Guernsey, Channel Islands"]
[Date "2011.10.17"]
[Round "2"]
[White "Carlucci, Paul"]
[Black "Pickersgill, Adrian"]
[Result "1/2-1/2"]
[WhiteElo "1898"]
[BlackElo "2002"]
[PlyCount "52"]
[EventDate "2011.10.16"]
[SourceDate "2011.11.07"]

1. d4 d6 2. Nf3 Bg4 3. e3 Nd7 4. Be2 e6 5. h3 Bh5 6. O-O Be7 7. b3 Ngf6 8. Bb2
O-O 9. c4 d5 10. Nbd2 c6 11. a3 Qc7 12. Rc1 Rad8 13. Ne5 Bxe2 14. Qxe2 Nxe5 15.
dxe5 Nd7 16. f4 f5 17. Nf3 Nc5 18. Nd4 Qd7 19. cxd5 exd5 20. Qc2 Ne4 21. b4 h6
22. Nb3 Qe6 23. Bd4 a6 24. Bb6 Rde8 25. Nd4 Qg6 26. Qd3 h5 1/2-1/2

[Event "Guernsey Open 2011"]
[Site "Guernsey, Channel Islands"]
[Date "2011.10.17"]
[Round "2"]
[White "Rowe, Peter"]
[Black "Murray, Steve"]
[Result "1/2-1/2"]
[WhiteElo "1999"]
[BlackElo "1885"]
[PlyCount "61"]
[EventDate "2011.10.16"]
[SourceDate "2011.11.07"]

1. d4 Nf6 2. Nf3 e6 3. Bf4 c5 4. e3 b6 5. Nbd2 Bb7 6. c3 Be7 7. Bd3 O-O 8. h3
d6 9. O-O Nbd7 10. Qe2 Qc7 11. e4 cxd4 12. cxd4 Rac8 13. a3 Nh5 14. Bh2 g6 15.
g4 Nhf6 16. Bg3 Rfe8 17. Rfe1 Bf8 18. Bb5 Bc6 19. Ba6 Bb7 20. e5 Bxa6 21. Qxa6
Nd5 22. Nb3 dxe5 23. Rac1 Qb8 24. Nxe5 Nxe5 25. Bxe5 Qa8 26. Qe2 Rxc1 27. Rxc1
Rc8 {(=)} 28. h4 Rxc1+ 29. Nxc1 Qc6 30. Nd3 Qc4 31. Nf4 1/2-1/2

[Event "Guernsey Open 2011"]
[Site "Guernsey, Channel Islands"]
[Date "2011.10.17"]
[Round "2"]
[White "Goris, Ton"]
[Black "Cummins, John"]
[Result "1-0"]
[WhiteElo "1993"]
[BlackElo "1862"]
[PlyCount "83"]
[EventDate "2011.10.16"]
[SourceDate "2011.11.07"]

1. e4 g6 2. d4 Bg7 3. Nc3 d6 4. f4 e6 5. Nf3 Ne7 6. Be3 a6 7. Bd3 Nbc6 8. a3 b5
9. O-O O-O 10. Qe1 Na5 11. b3 Nb7 12. Rd1 Kh8 13. h3 c6 14. g4 f5 15. exf5 exf5
16. g5 Qc7 17. Ne2 Bd7 18. h4 Nd5 19. Bd2 Rfe8 20. Qf2 Be6 21. Kg2 Re7 22. h5
Bf7 23. hxg6 Bxg6 24. Nh4 Rae8 25. Rh1 Bh5 26. Rde1 Ne3+ 27. Bxe3 Rxe3 28. Nxf5
Bf3+ 29. Kg3 Rxe2 30. Rxe2 Bxe2 31. Nxg7 Bxd3 32. Nxe8 Qe7 33. Re1 Be4 34. Nf6
d5 35. c4 Nd6 36. cxd5 cxd5 37. Nxd5 Qf7 38. Nf6 Qxb3+ 39. Kh2 Bf5 40. Qe3 Qc2+
41. Re2 Qc6 42. Qe7 1-0

[Event "Guernsey Open 2011"]
[Site "Guernsey, Channel Islands"]
[Date "2011.10.17"]
[Round "2"]
[White "Nicholson, John"]
[Black "Downey, Keith"]
[Result "0-1"]
[WhiteElo "1836"]
[BlackElo "1987"]
[PlyCount "66"]
[EventDate "2011.10.16"]
[SourceDate "2011.11.07"]

1. e4 c5 2. Nc3 a6 3. f4 b5 4. Nf3 Bb7 5. d3 e6 6. a4 b4 7. Ne2 d5 8. e5 d4 9.
Ng3 g6 10. Be2 Bg7 11. O-O Ne7 12. Ne4 Bxe4 13. dxe4 Nbc6 14. Bc4 Na5 15. Be2
Qc7 16. c3 dxc3 17. bxc3 Rd8 18. Qe1 Nb3 19. Rb1 Nxc1 20. Qxc1 bxc3 21. Bxa6
O-O 22. Qxc3 Bh6 23. g3 Qa7 24. Bb5 Rc8 25. Rfd1 Rfd8 26. Kg2 Bf8 27. Rd6 Qb7
28. Rbd1 Rxd6 29. Rxd6 Qxe4 30. Qd2 Nf5 31. Rd3 c4 32. Rd7 Ne3+ 33. Kf2 Nd5 0-1